000 01423nam a2200361Ia 4500
001 ebr10659033
003 CaPaEBR
006 m u
007 cr cn|||||||||
008 100309s2010 nyua sb 001 0 eng d
010 _z 2010007604
020 _z1608762890 (hardcover : alk. paper)
020 _z9781608762897 (hardcover : alk. paper)
020 _z9781616687960 (ebook)
040 _aCaPaEBR
_cCaPaEBR
035 _a(OCoLC)847631716
050 1 4 _aQC21.3
_b.A6653 2010eb
082 0 4 _a530
_223
245 0 0 _aApplied physics in the 21st century
_h[electronic resource] /
_cRaymond P. Valencia, editor.
246 3 _aApplied physics in the twenty-first century
260 _aHauppauge, N.Y. :
_bNova Science Publishers,
_cc2010.
300 _axiii, 612 p. :
_bill.
490 1 _aHorizons in world physics ;
_vv. 269
504 _aIncludes bibliographical references and index.
533 _aElectronic reproduction.
_bPalo Alto, Calif. :
_cebrary,
_d2013.
_nAvailable via World Wide Web.
_nAccess may be limited to ebrary affiliated libraries.
650 0 _aPhysics.
650 0 _aPhysical sciences.
655 7 _aElectronic books.
_2local
700 1 _aValencia, Raymond P.
710 2 _aebrary, Inc.
830 0 _aHorizons in world physics ;
_vv. 269.
856 4 0 _uhttp://site.ebrary.com/lib/rucke/Doc?id=10659033
_zAn electronic book accessible through the World Wide Web; click to view
999 _c63898
_d63898